00959nam a22001697a 4500003000900000005001700009008004100026040001300067110002900080245025800109260003800367300004000405500011100445650005000556651005000606856013300656BR-ViAPE20260417132319.0260417s1936 por gs||||s000 0 por d cBR-ViAPE aEspírito SantobEstado aRelatório apresentado ao governo do estado e à diretoria nacional da saúde e assistência médico-social pelo Dr. Pedro Fontes, chefe do serviço de prophylaxia da lepra e doenças venereas no estado do Espirito Santo, referente ao ano de 1934 aVitóriabImprensa Oficialc1936 a27 p.bDocumento digitalizado (PDF) aDocumento digitalizado do acervo institucional do Arquivo Público do Estado do Espírito Santo - APEES. xAdministração públicazEspírito Santo aEspírito SantoxRelatórios governamentais uhttps://ape.es.gov.br/Media/ape/PDF/Relatorios/1930/relatorio2%20-%20ano%201936%20cx14.pdfyCLIQUE AQUI PARA ACESSAR O DOCUMENTO